000
00318nam a22001457a 4500
008
230913b ||||| |||| 00| 0 eng d
020
_a
6512722
041
_a
eng
080
_2
VOLUME I
_a
521
082
_a
521URE
100
_a
19
101
_a
ASTRO
245
_a
WANDERERS IN THE SKY
_c
UREY .C.H
942
_2
udc
_c
BK
999
_c
60358
_d
60358